| 000 -LEADER |
| fixed length control field |
01145nam a2200325 i 4500 |
| 001 - CONTROL NUMBER |
| control field |
022841949 |
| 003 - CONTROL NUMBER IDENTIFIER |
| control field |
UkOxU |
| 005 - DATE AND TIME OF LATEST TRANSACTION |
| control field |
20230120092424.0 |
| 008 - FIXED-LENGTH DATA ELEMENTS--GENERAL INFORMATION |
| fixed length control field |
191101t20212020enk 000 1 eng |
| 010 ## - LIBRARY OF CONGRESS CONTROL NUMBER |
| LC control number |
2019050452 |
| 020 ## - INTERNATIONAL STANDARD BOOK NUMBER |
| International Standard Book Number |
9781529087949 |
| Qualifying information |
paperback |
| 040 ## - CATALOGING SOURCE |
| Original cataloging agency |
DLC |
| Language of cataloging |
eng |
| Description conventions |
rda |
| Transcribing agency |
DLC |
| Modifying agency |
UKMGB |
| -- |
OCLCF |
| -- |
BLP |
| -- |
OPW |
| -- |
IK2 |
| -- |
UAP |
| -- |
NZAUC |
| -- |
TCH |
| -- |
INR |
| -- |
SINLB |
| -- |
JTH |
| -- |
TXSCH |
| -- |
YU6 |
| -- |
VP@ |
| -- |
RB0 |
| -- |
XFF |
| -- |
WL8 |
| -- |
DLC |
| -- |
IMD |
| -- |
CNCAR |
| -- |
OCLCO |
| -- |
TXGPM |
| -- |
OCLCO |
| -- |
AJB |
| -- |
OCL |
| -- |
AU@ |
| -- |
TDS |
| -- |
OCLCO |
| -- |
JTH |
| -- |
OCLCO |
| -- |
MIR |
| -- |
OCLCO |
| -- |
IAY |
| -- |
JTH |
| -- |
UAH |
| -- |
OCLCO |
| -- |
UND |
| -- |
Z#6 |
| -- |
OCLCO |
| -- |
SFB |
| -- |
UkOxU |
| -- |
KH8 |
| 082 00 - DEWEY DECIMAL CLASSIFICATION NUMBER |
| Classification number |
FIC KLU |
| Edition number |
23 |
| 100 1# - MAIN ENTRY--PERSONAL NAME |
| Personal name |
Klune, TJ., |
| Relator term |
author. |
| 245 14 - TITLE STATEMENT |
| Title |
The house in the cerulean sea / |
| Statement of responsibility, etc. |
TJ Klune. |
| 264 #1 - PRODUCTION, PUBLICATION, DISTRIBUTION, MANUFACTURE, AND COPYRIGHT NOTICE |
| Place of production, publication, distribution, manufacture |
London : |
| Name of producer, publisher, distributor, manufacturer |
Tor, |
| Date of production, publication, distribution, manufacture, or copyright notice |
2021. |
| 264 #4 - PRODUCTION, PUBLICATION, DISTRIBUTION, MANUFACTURE, AND COPYRIGHT NOTICE |
| Date of production, publication, distribution, manufacture, or copyright notice |
©2020 |
| 300 ## - PHYSICAL DESCRIPTION |
| Extent |
400 pages ; |
| Dimensions |
20 cm |
| 336 ## - CONTENT TYPE |
| Content type term |
text |
| Source |
rdacontent |
| 337 ## - MEDIA TYPE |
| Media type term |
unmediated |
| Source |
rdamedia |
| 338 ## - CARRIER TYPE |
| Carrier type term |
volume |
| Source |
rdacarrier |
| 650 #0 - SUBJECT ADDED ENTRY--TOPICAL TERM |
| Topical term or geographic name entry element |
Magic |
| Form subdivision |
Fiction. |
| 650 #0 - SUBJECT ADDED ENTRY--TOPICAL TERM |
| Topical term or geographic name entry element |
Orphans |
| Form subdivision |
Fiction. |
| 650 #0 - SUBJECT ADDED ENTRY--TOPICAL TERM |
| Topical term or geographic name entry element |
Children |
| Form subdivision |
Fiction. |
| 650 #0 - SUBJECT ADDED ENTRY--TOPICAL TERM |
| Topical term or geographic name entry element |
Orphanages |
| Form subdivision |
Fiction. |
| 650 #0 - SUBJECT ADDED ENTRY--TOPICAL TERM |
| Topical term or geographic name entry element |
Children |
| General subdivision |
Institutional care |
| Form subdivision |
Fiction. |
| 650 #0 - SUBJECT ADDED ENTRY--TOPICAL TERM |
| Topical term or geographic name entry element |
Social workers |
| Form subdivision |
Fiction. |
| 650 #1 - SUBJECT ADDED ENTRY--TOPICAL TERM |
| Topical term or geographic name entry element |
Mythical animals |
| Form subdivision |
Fiction. |
| 942 ## - ADDED ENTRY ELEMENTS (KOHA) |
| Source of classification or shelving scheme |
|
| Koha item type |
Books - Fiction |